Pedoman umum sebutan baku Bahasa Malaysia

Bibliographic Details
Corporate Author: Dewan Bahasa dan Pustaka
Format: Book
Language:Malay
Published: Kuala Lmpur : Dewan Bahasa dan Pustaka 1988
Subjects:

MARC

LEADER 00000cam a2200000 7i4500
001 0000009114
005 20240913.0
008 010731 my may
020 |a 9836205438 (pbk) 
040 |a INS   |b eng   |e rda 
090 0 0 |a RPL5079   |b .P43 1988 
245 0 0 |a Pedoman umum sebutan baku Bahasa Malaysia 
264 1 |a Kuala Lmpur :   |b Dewan Bahasa dan Pustaka   |c 1988 
264 4 |c ©1988 
300 |a xix, 23 pages ;   |c 22 cm. 
336 |a text  |2 rdacontent 
337 |a unmediated  |2 rdamedia 
338 |a volume  |2 rdacarrier 
650 0 |a Malay Language 
650 0 |a Malay Language   |x Pronunciation 
710 2 |a Dewan Bahasa dan Pustaka 
999 |a 0000023653   |b BOOK   |c Red Spot   |e Default branch